Städteraten - China - Statistiken

Allgemein
  • Dieses Quiz wurde 59 mal gespielt
  • Das Durchschnittsergebnis liegt bei 9 aus 15
Antwortstatistiken
Hint Antwort % Korrekt
Hier stehen die beiden Sommerpaläste Peking
100%
Stadt der Terrakotta-Armee Chinas Xi'an
98%
Stadt mit dem weltgrößten Hafen Shanghai
95%
Von hier stammt der erste gemeldete Covid-19 Fall Wuhan
95%
Größte Stadt des Perlflussdeltas Guangzhou
85%
Dritte Wirtschaftsmetropole des Landes Shenzhen
78%
Metropole im Tibet Lhasa
75%
Größte Stadt der Welt (administrativ) Chongqing
73%
1912 bis 1915 Hauptstadt von China Nanjing
63%
Eine von vier regierungsunmittelbaren Städten Tianjin
55%
Hauptsitz der Alibaba Group Hangzhou
48%
Hauptstadt der Amur-Provinz Harbin
40%
Eine der alten Hauptstädte Chinas Kaifeng
5%
Hier ist der Gipfel der Einzigartigen Schönheit Guilin
3%
An der Großen Mauer in Südchina Fenghuang
0%
Keine übereinstimmenden Quizze gefunden
Verteilung der Resultate
Anzahl Personen mit jedem Resultat
Perzentil nach korrekt beantworteten Fragen
Ihre Resultats-Entwicklung
Sie haben dieses Quiz noch nicht gespielt